MARC

Tag First Indicator Second Indicator Subfields
LEADER 00000cam a2200000 i 4500
001 in00005715421
005 20260319164523.2
006 m o d
007 cr cnu|||unuuu
008 180122s2018 enk ob 001 0 eng d
040 |a N$T  |b eng  |e rda  |e pn  |c N$T  |d N$T  |d YDX  |d EBLCP  |d STF  |d OH1  |d FIE  |d OCLCF  |d STBDS  |d CEF  |d KSU  |d U3W  |d OTZ  |d OCLCQ  |d WYU  |d LVT  |d BRX  |d BOL  |d UBY  |d OCLCQ  |d UKAHL  |d MM9  |d NLVRD  |d OCLCQ  |d K6U  |d OCLCO  |d OCLCQ  |d OCLCO  |d OCLCA  |d OCLCQ  |d SFB  |d OCLCQ  |d OCLCO  |d OCLCL  |d VLB  |d CLOUD  |d Q2U  |d UKKRT  |d OCLCQ  |d SXB  |d OCLCL 
019 |a 1020432826  |a 1020688169  |a 1172042896  |a 1316524689 
020 |a 9780192511898  |q (electronic bk.) 
020 |a 0192511890  |q (electronic bk.) 
020 |a 9780191835216 
020 |a 0191835218 
020 |z 9780198793380 
020 |z 0198793383 
020 |a 0192511904 
020 |a 9780192511904 
035 |a (OCoLC)1020066666  |z (OCoLC)1020432826  |z (OCoLC)1020688169  |z (OCoLC)1172042896  |z (OCoLC)1316524689 
043 |a e------ 
050 4 |a HM1236 
050 4 |a JN30  |b .V75 2018 
072 7 |a SOC  |x 000000  |2 bisacsh 
082 0 4 |a 303.38  |2 23 
049 |a TXAM 
100 1 |a De Vries, Catherine E.,  |e author. 
245 1 0 |a Euroscepticism and the future of European integration /  |c Catherine E. De Vries. 
250 |a First edition. 
264 1 |a Oxford, United Kingdom ;  |a New York :  |b Oxford University Press,  |c 2018. 
300 |a 1 online resource 
336 |a text  |b txt  |2 rdacontent 
337 |a computer  |b c  |2 rdamedia 
338 |a online resource  |b cr  |2 rdacarrier 
504 |a Includes bibliographical references and index. 
588 0 |a Online resource; title from PDF title page (EBSCO, viewed January 24, 2018). 
520 3 |a The European Union (EU) is facing one of the rockiest periods in its existence. At no time in its history has it looked so economically fragile, so insecure about how to protect its borders, so divided over how to tackle the crisis of legitimacy facing its institutions, and so under assault by Eurosceptic parties. The unprecedented levels of integration in recent decades have led to increased public contestation, yet at the same the EU is more reliant on public support for its continued legitimacy than ever before. This book examines the role of public opinion in the European integration process. It develops a novel theory of public opinion that stresses the deep interconnectedness between people's views about European and national politics. It suggests that public opinion cannot simply be characterized as either Eurosceptic or not, but rather that it consists of different types. This is important because these types coincide with fundamentally different views about the way the EU should be reformed and which policy priorities should be pursued. These types also have very different consequences for behaviour in elections and referendums. Euroscepticism is such a diverse phenomenon because the Eurozone crisis has exacerbated the structural imbalances within the EU. As the economic and political fates of member states have diverged, people's experiences with and evaluations of the EU and national political systems have also grown further apart. The heterogeneity in public preferences that this book has uncovered makes a one-size-fits-all approach to addressing Euroscepticism unlikely to be successful. 
505 0 |a Part I. Public opinion and European integration -- Introduction: losing hearts and minds? Taking sotck of EU public opinion -- What is th matter with Europe? The puzzles of Euroscepticism -- Part II. The nature of support and scepticism -- In or out? A benchmark theory of support and scepticism -- Kicking up a fuss? From permissive to repsonsive support and scepticism -- Part III. A typology of support and scepticism -- A divided public? Types of support and scepticism -- Common people? Who are supporters and sceptics and what do they want? -- Part IV. The consequences of support and scepticism -- Going hard or soft? Party choice among supports and sceptics -- Brexit and beyond: leave and remain preferences among supporters and sceptics -- Part V. Public opinion and the future of European integration -- Change or die? EU reform preferences among supporters and sceptics -- Conclusion: a divided public, a divided union: where do we go from here? 
650 0 |a Public opinion  |z Europe. 
650 0 |a Skepticism. 
650 0 |a Social integration  |z Europe. 
650 6 |a Opinion publique  |z Europe. 
650 6 |a Scepticisme. 
650 6 |a Intégration sociale  |z Europe. 
650 7 |a International Relations.  |2 bisacsh 
650 7 |a POLITICAL SCIENCE.  |2 bisacsh 
650 7 |a Social Policy.  |2 bisacsh 
650 7 |a Public Policy.  |2 bisacsh 
650 7 |a Public opinion  |2 fast 
650 7 |a Skepticism  |2 fast 
650 7 |a Social integration  |2 fast 
651 7 |a Europe  |2 fast  |1 https://id.oclc.org/worldcat/entity/E39PBJxCxPbbk4CPJDQJb4r6rq 
650 7 |a European Union.  |2 pplt 
650 7 |a European integration.  |2 pplt 
650 7 |a Public opinion.  |2 pplt 
650 7 |a Politics.  |2 pplt 
650 7 |a Integració europea.  |2 thub 
650 7 |a Integració econòmica.  |2 thub 
650 7 |a Opinió pública.  |2 thub 
651 7 |a Europa.  |2 thub 
655 7 |a Electronic books.  |2 local 
655 7 |a Llibres electrònics.  |2 thub 
758 |i has work:  |a Euroscepticism and the future of European integration (Text)  |1 https://id.oclc.org/worldcat/entity/E39PCFDhXm6FXdtVtYVJ9vy9Tb  |4 https://id.oclc.org/worldcat/ontology/hasWork 
776 0 8 |i Print version:  |a Vries, Catherine E. De.  |t Euroscepticism and the future of European integration.  |b First edition.  |d Oxford, United Kingdom ; New York : Oxford University Press, 2018  |z 0198793383  |z 9780198793380  |w (OCoLC)992790045 
856 4 0 |u http://proxy.library.tamu.edu/login?url=https://academic.oup.com/book/9419  |z Connect to the full text of this electronic book  |t 0 
955 |a Oxford Scholarship Online 
994 |a 92  |b TXA 
999 f f |i ac484fcd-4be1-42d7-a14b-4dba6a543eb2  |s 32bb0ed6-f3ec-437e-9ca7-a1189e628044  |t 0 
952 f f |a Texas A&M University  |b College Station  |c Electronic Resources  |s www_evans  |d Available Online  |t 0  |e HM1236 .V75 2018  |h Library of Congress classification 
998 f f |a HM1236 .V75 2018  |t 0  |l Available Online